| 000 | 00846cam a2200253 4500 | ||
|---|---|---|---|
| 001 | B1479 | ||
| 008 | 090401t xxu||||| |||| 00| 0 eng d | ||
| 035 | _a(Sirsi) u44610 | ||
| 041 | _aeng | ||
| 050 | _a526.9823 | ||
| 110 |
_aCollege of Technology Dublin _92291 |
||
| 245 | _aSurveying by satellite for the developing world: international seminar, Dublin , September 18-20, 1985 | ||
| 260 |
_aDublin _c1985? |
||
| 300 | _a130p. : ill. ; 21cm. | ||
| 350 | _a22.5 | ||
| 520 | _aIncludes papers by Ashkenazi,V. ; Brazier,A.J.C. Munroe,R.N. Organised under the terms of the European Development Fund . | ||
| 650 | _aDEVELOPING COUNTRIES | ||
| 650 | _aREMOTE SENSING | ||
| 650 | _aSATELLITE SURVEYING | ||
| 710 |
_aTrinity College Dublin _92293 |
||
| 710 |
_aIrish Council for Overseas Students _92296 |
||
| 942 | _n0 | ||
| 948 | _c04/03/1997 | ||
| 999 |
_c91567 _d91567 |
||